000 00902nam a2200181 i 4500
001 171049
003 ES-MaACL
005 20250907063129.0
008 090424s1892 ag |||| | spa d
100 1 _aLópez de Gómara, Justo S.,
_d1859-1923
_973542
245 1 0 _aCurupayty
_b: episodios dramáticos-históricos de la guerra del Paraguay en cuatro jornadas y siete cuadros /
_cescritos en prosa y verso por Justo S. López Gomara ; música escogida y apropiada entre la original de la guerra.
260 _aBuenos Aires :
_b[s.n.],
_c1892 (
_fImp. de El Correo Español)
300 _a102 p. ;
_c18 cm.
852 _aES-MaACL
_jF-8579(2)
_z.- Enc. pasta española
_q.- Falto de la cub. original
_z.- Enc. en vol. facticio formando parte de la col. faciticia "Teatro español moderno", vol. 32
852 _aES-MaACL
_j1659-F-12
852 _aES-MaACL
_jT-593-F-4
999 _c171049
_d171049